| 000 -LEADER |
| fixed length control field |
00656nam a2200217 a 4500 |
| 001 - CONTROL NUMBER |
| control field |
1019 |
| 003 - CONTROL NUMBER IDENTIFIER |
| control field |
BD-DhAAL |
| 005 - DATE AND TIME OF LATEST TRANSACTION |
| control field |
20200304122625.0 |
| 008 - FIXED-LENGTH DATA ELEMENTS--GENERAL INFORMATION |
| fixed length control field |
090701s1992 xxka b 000 0 eng d |
| 020 ## - INTERNATIONAL STANDARD BOOK NUMBER |
| International Standard Book Number |
1855740052 |
| 040 ## - CATALOGING SOURCE |
| Original cataloging agency |
BD-DhAAL |
| Transcribing agency |
BD-DhAAL |
| Modifying agency |
BD-DhAAL |
| Language of cataloging |
Eng |
| 082 00 - DEWEY DECIMAL CLASSIFICATION NUMBER |
| Edition number |
23 |
| Classification number |
720.92 TAY |
| 100 1# - MAIN ENTRY--PERSONAL NAME |
| Personal name |
Taylor, Brian Brace. |
| 9 (RLIN) |
33625 |
| 245 10 - TITLE STATEMENT |
| Title |
Raj Rewal / |
| Statement of responsibility, etc. |
Brian Brace Taylor. |
| 260 ## - PUBLICATION, DISTRIBUTION, ETC. |
| Place of publication, distribution, etc. |
London : |
| Name of publisher, distributor, etc. |
Mimar Publications ; |
| Date of publication, distribution, etc. |
c1992. |
| 300 ## - PHYSICAL DESCRIPTION |
| Extent |
160 pages : |
| Other physical details |
illustrations ; |
| Dimensions |
28 cm. |
| 504 ## - BIBLIOGRAPHY, ETC. NOTE |
| Bibliography, etc. note |
Includes bibliographies : p. 159-160. |
| 650 #0 - SUBJECT ADDED ENTRY--TOPICAL TERM |
| Topical term or geographic name entry element |
Architecture |
| Geographic subdivision |
India. |
| General subdivision |
History |
| Chronological subdivision |
20th century |
| 9 (RLIN) |
33627 |
| 942 ## - ADDED ENTRY ELEMENTS (KOHA) |
| Source of classification or shelving scheme |
|
| Koha item type |
Book |